| 000 | 00683nam a2200217 a 4500 | ||
|---|---|---|---|
| 005 | 20210219152905.0 | ||
| 008 | 991125n 000 0 u | ||
| 035 | _aUPN01000065725 | ||
| 100 | _aWinterer, Caroline | ||
| 222 | _aHISTORY OF EDUCATION QUARTERLY | ||
| 245 | _aAvoiding a "hothouse system of education" : Nineteenth-century early childhood education from the infant schools to the kindergartens | ||
| 300 | _a289-314 | ||
| 362 | _a32, No. 3, 1992 | ||
| 505 | _aDiciembre 1993 | ||
| 653 | 0 | _aEDUCACION DE LA PRIMERA INFANCIA | |
| 653 | 0 | _aHISTORIA EDUCATIVA | |
| 653 | 0 | _aINFANTES | |
| 653 | 0 | _aJARDIN DE NI\197OS | |
| 904 |
_aAC _b003536 |
||
| 905 | _aArticulo | ||
| 999 |
_c63124 _d63124 |
||